000 00747cam a22002533a 4500
001 22003
003 PGUSA
005 20140828083453.0
008 070706s2007||||xxu|||||s|||||000 | eng d
040 _aPGUSA
_beng
042 _adc
050 4 _aPA
100 1 _aXenophon,
_d-431--355
245 1 4 _aThe First Four Books of Xenophon's Anabasis
_h[electronic resource] /
_cXenophon
260 _bProject Gutenberg,
_c2007
506 _aPublic domain in the USA.
516 _aElectronic text
653 _aCyrus, the Younger, d. 401 B.C.
653 _aIran -- History -- To 640
700 1 _aWatson, J. S.
_q(John Selby),
_d1804-1884
830 0 _aProject Gutenberg
_v22003
856 4 0 _uhttp://www.gutenberg.org/ebooks/22003
942 _cEB
999 _c251258
_d251258